00546 2200193 4500001002100000008004100021035002000062245007000082100001900152260004000171300002300211020002200234084001800256520002500274082001100299650001800310990001200328990001200340INLIS000000000015101 ind  a0010-1222000180 aPanduan Praktis Mengurus JenazahcRohmat Kurnia;editor, Fina Insi aROHMAT, Kurnia aJakarta :bBee Media Pustaka,c2022 aiv, 87 hlmc21 cm. a978-623-6358-36-8 a297.351 ROH p aBibliografi.: 87 hlm a297351 aISLAM.JENAZAH a10190 a a10190 b